000 00471nam a22001817a 4500
005 20230110121333.0
008 221220b |||||||| |||| 00| 0 eng d
020 _a978-81319-029-2
041 _aeng
082 _a615.5 BAN-A
100 _aBANERJEE , D.D
_97418
245 _aAUGMENTED TEXTBOOK OF HOMOEOPATHIC PHARMACY
250 _a3rd ed.
260 _aNEW DELHI
_bB. JAIN PUBLISHERS
300 _a800;P.
650 _aPHARMACY
_xD.PHARMA
_97090
942 _cBK
999 _c8154
_d8152